Die 20 größten Stadien in Niedersachsen - Statistiken

Allgemein
  • Dieses Quiz wurde 27 mal gespielt
  • Das Durchschnittsergebnis liegt bei 5 aus 20
Antwortstatistiken
Kapazität Stadion % Korrekt
49.000 Niedersachsenstadion (Hannover)
96%
23.325 Eintracht-Stadion (Braunschweig)
85%
28.917 Volkswagen-Arena (Wolfsburg)
85%
16.098 Stadion an der Bremer Brücke
74%
13.696 Hänsch-Arena (Meppen)
44%
15.200 Marschwegstadion (Oldenburg)
26%
7.387 Jadestadion (Wilhelmshaven)
15%
7.500 Emslandstadion (Lingen)
11%
17.000 Jahnstadion (Göttingen)
11%
16.000 Rudolf-Kalweit-Stadion (Hannover)
11%
34.000 Speedway Stadion Motodrom Halbemond
7%
9.000 Stadion am Berliner Ring (Verden)
7%
12.000 Städtisches Stadion Düsternortstraße (Delmenhorst)
7%
17.600 VfL-Stadion am Elsterweg (Wolfsburg)
7%
15.000 Reiterwaldstadion (Vechta)
4%
14.000 Weserberglandstadion (Hameln)
4%
11.000 Günther-Volker-Stadion (Celle)
0%
10.000 Polizeistadion (Braunschweig)
0%
7.500 Sportpark Blanke am Heideweg (Nordhorn)
0%
10.000 Stadion im Sportzentrum der Universität (Göttingen)
0%
Keine übereinstimmenden Quizze gefunden
Verteilung der Resultate
Anzahl Personen mit jedem Resultat
Perzentil nach korrekt beantworteten Fragen
Ihre Resultats-Entwicklung
Sie haben dieses Quiz noch nicht gespielt